|
|
|
|
| LEADER |
00809nam a22002292a 4500 |
| 001 |
001351822 |
| 003 |
CZ BrMZK |
| 005 |
20150129162933.0 |
| 007 |
ta |
| 008 |
131206s1965 xo er|||||||||||ukr d |
| 040 |
|
|
|a ABA001
|b cze
|d ABA001
|d BOA001
|
| 100 |
1 |
|
|a Galajda, Eliáš,
|d 1931-2017
|7 xx0099319
|4 aut
|
| 245 |
1 |
0 |
|a Russkyj jazyk dlja 8ho klasu osnovnoji dev'jatyričnoji školy z ukrajins'koju movoju navčannja /
|c Illja Galajda, Michajlo Šutran a Iryna Vološčuk
|
| 250 |
|
|
|a 1. vyd.
|
| 260 |
|
|
|a Bratislava :
|b Slovenské pedagogické nakladateľstvo,
|c 1965
|
| 300 |
|
|
|a 176 s.
|
| 700 |
1 |
|
|a Šutran, Michajlo
|4 aut
|
| 700 |
1 |
|
|a Vološčuk, Iryna
|4 aut
|
| 910 |
|
|
|a BOA001
|b 2-0540.910
|
| 990 |
|
|
|a BK
|
| 991 |
|
|
|b 201312
|
| 996 |
7 |
|
|b 2619034258
|c 2-0540.910
|l HP2
|r DEN
|n 0
|w 001386618
|u 000010
|a 1
|e BOA001
|j MZK50
|s A
|